Logistika pro 21. století supply chain management
Salvato in:
| Autore principale: | |
|---|---|
| Natura: | Libro |
| Lingua: | ceco |
| Pubblicazione: |
Praha
RADIX
2005
|
| Soggetti: | |
| Tags: |
Nessun Tag, puoi essere il primo ad aggiungerne!!
|
MARC
| LEADER | 00000nam$a2200000$$$4500 | ||
|---|---|---|---|
| 001 | 0035058 | ||
| 005 | 20221207100233.1 | ||
| 020 | |a 80-86031-59-4 | ||
| 041 | 0 | |a cze | |
| 044 | |a CZ | ||
| 245 | 1 | 0 | |a Logistika pro 21. století |b supply chain management |c Petr Pernica |
| 264 | 1 | |a Praha |b RADIX |c 2005 | |
| 300 | |a [571-1095] s. | ||
| 610 | 2 | 0 | |a logistika |
| 610 | 2 | 0 | |a manažment |
| 610 | 2 | 0 | |a reengineering |
| 610 | 2 | 0 | |a štúdie prípadové |
| 610 | 2 | 0 | |a riziko |
| 610 | 2 | 0 | |a outsourcing |
| 610 | 2 | 0 | |a služby logistické |
| 100 | 1 | |a Pernica, Petr | |